Marble League Teams able to win a Marble League - Statistics

General Stats
  • This quiz has been taken 23 times
    16 since last reset
  • The average score is 52 of 53
Answer Stats
Team Name % Correct
Bumblebees
100%
Crazy Cat's Eyes
100%
Crazy Cat's Eyes
100%
Crazy Cat's Eyes
100%
Mellow Yellow
100%
Mellow Yellow
100%
Mellow Yellow
100%
Midnight Wisps
100%
Midnight Wisps
100%
Midnight Wisps
100%
Oceanics
100%
Oceanics
100%
O'rangers
100%
O'rangers
100%
O'rangers
100%
O'rangers
100%
O'rangers
100%
Pinkies
100%
Pinkies
100%
Pinkies
100%
Raspberry Racers
100%
Raspberry Racers
100%
Raspberry Racers
100%
Rojo Rollers
100%
Rojo Rollers
100%
Savage Speeders
100%
Savage Speeders
100%
Savage Speeders
100%
Savage Speeders
100%
Savage Speeders
100%
Savage Speeders
100%
Savage Speeders
100%
Snowballs
100%
Snowballs
100%
Thunderbolts
100%
Thunderbolts
100%
Thunderbolts
100%
Black Jacks
93%
Green Ducks
93%
Green Ducks
93%
Hazers
93%
Hazers
93%
Hazers
93%
Kobalts
93%
Shining Swarm
93%
Shining Swarm
93%
Team Galactic
93%
Team Momo
93%
Team Momo
93%
Team Momo
93%
Gliding Glaciers
86%
Balls of Chaos
79%
Chocolatiers
79%
No matching quizzes found
Score Distribution
Percent of People with Each Score
Percentile by Number Answered
Your Score History
You have not taken this quiz since the last reset